Catalog

Record Details

Catalog Search



Love, Sivvy : a novel inspired by the life, ... Read More

Toalson, R. L. (Rachel L.),(author., Author, Author).

Available copies

  • 2 of 2 copies available at LARL/NWRL Consortium.
  • 2 of 2 copies available at Lake Agassiz Regional Library. (Show preferred library)

Current holds

0 current holds with 2 total copies.

Show Only Available Copies
Location Call Number / Copy Notes Barcode Shelving Location Status Due Date
Crookston Public Library Y TOA (Text) 33500014339659 New Available -
Moorhead Public Library Y TOA (Text) 33500014339642 New Available -

Record details

  • ISBN: 9780316587136
  • ISBN: 0316587133
  • Physical Description: 406 pages ; 22 cm
  • Edition: First edition.
  • Publisher: New York, NY : Little, Brown and Company, 2026.

Content descriptions

Bibliography, etc. Note:
Includes bibliographical references.
Summary, etc.:
A novel-in-verse follows Sylvia Plath through her ... Read More
Target Audience Note:
Ages 14 and Up Little, Brown and Company.
Subject: Plath, Sylvia > Fiction.
Novels in verse.
Depression, Mental > Fiction.
Sex role > Fiction.
Self-actualization > Fiction.
JUVENILE FICTION / General.
Genre: Novels in verse.
Biographical fiction.
LDR 03115cam a2200625 i 4500
001478715
003LARL_NWRL_CONSORTIUM
00520260219202634.0
008250909t20262026nyu d b 000 1 eng
010 . ‡a 2025013026
040 . ‡aDLC ‡beng ‡erda ‡cDLC ‡dOCLCO ‡dIG# ‡dYDX ‡dTOH ‡dOQX ‡dYDX
019 . ‡a1538403333 ‡a1557947657 ‡a1570380651
020 . ‡a9780316587136 ‡qhardcover
020 . ‡a0316587133 ‡qhardcover
020 . ‡z9780316610476 ‡qpaperback ‡qlarge print
020 . ‡z031661047X ‡qpaperback ‡qlarge print
020 . ‡z9780316587143 ‡qelectronic book
035 . ‡a(OCoLC)1522715084 ‡z(OCoLC)1538403333 ‡z(OCoLC)1557947657 ‡z(OCoLC)1570380651
042 . ‡apcc
08204. ‡a813/.6 ‡223/eng/20260219
1001 . ‡aToalson, R. L. ‡q(Rachel L.), ‡eauthor. ‡4aut ‡4http://id.loc.gov/vocabulary/relators/aut ‡1https://id.oclc.org/worldcat/entity/E39PCjyQgb4HhYmrHDDKWQ6mbb ‡1http://id.loc.gov/rwo/agents/no2018123990
24510. ‡aLove, Sivvy : ‡ba novel inspired by the life, letters, and diaries of young Sylvia Plath / ‡cR.L. Toalson.
250 . ‡aFirst edition.
264 1. ‡aNew York, NY : ‡bLittle, Brown and Company, ‡c2026.
264 4. ‡c©2026
300 . ‡a406 pages ; ‡c22 cm
334 . ‡asingle unit ‡bmono ‡0http://id.loc.gov/vocabulary/issuance/mono
336 . ‡atext ‡btxt ‡2rdacontent ‡0http://id.loc.gov/vocabulary/contentTypes/txt
337 . ‡aunmediated ‡bn ‡2rdamedia ‡0http://id.loc.gov/vocabulary/mediaTypes/n
338 . ‡avolume ‡bnc ‡2rdacarrier ‡0http://id.loc.gov/vocabulary/carriers/nc
353 . ‡abibliography ‡bbibliography ‡0http://id.loc.gov/vocabulary/msupplcont/bibliography
385 . ‡mAge group ‡nage ‡aTeenagers ‡2lcdgt ‡0http://id.loc.gov/authorities/demographicTerms/dg2015060011
504 . ‡aIncludes bibliographical references.
520 . ‡aA novel-in-verse follows Sylvia Plath through her high school and college years as she struggles between societal expectations, mental health challenges, and her fierce ambition to become a poet.
521 . ‡aAges 14 and Up ‡bLittle, Brown and Company.
60011. ‡aPlath, Sylvia ‡vFiction.
650 1. ‡aNovels in verse. ‡0(LARL_NWRL_CONSORTIUM)161733
650 1. ‡aDepression, Mental ‡vFiction. ‡0(LARL_NWRL_CONSORTIUM)168977
650 1. ‡aSex role ‡vFiction. ‡0(LARL_NWRL_CONSORTIUM)167331
650 1. ‡aSelf-actualization ‡vFiction.
650 7. ‡aJUVENILE FICTION / General. ‡2bisacsh
655 7. ‡aNovels in verse. ‡2lcgft
655 7. ‡aBiographical fiction. ‡2lcgft
758 . ‡1http://id.loc.gov/resources/instances/in00024321010
758 . ‡4http://id.loc.gov/ontologies/bibframe/instanceOf ‡1http://id.loc.gov/resources/works/in00024321010
884 . ‡aDLC bibframe2marc v3.0-dev ‡g20250910 ‡qDLC ‡uhttps://github.com/lcnetdev/bibframe2marc/tree/v3.0-dev
901 . ‡a478715 ‡bOCoLC ‡c478715 ‡tbiblio ‡soclc

Additional Resources